000
00283nam a22001217a 4500
020
_a
0-88022-361-8
082
_a
005.74 DIT'U
100
_a
DITLEA, S
_9
79599
245
_a
USING WORDSTAR .RELEASE 5
260
_a
INDIANA
_b
QUE CORPORATION
_c
1988
300
_a
XXI, 628P
942
_c
BK
999
_c
584622
_d
584622